1196 1587 1361 1341 1117 1490 1494 1158 1676 1869 1331 1460 1326 1059 1066 1735 1474 1458 1438 1027 1262 1445 1208 1626 1578 1442 1831 1239 1808 1697 1885 1136 1752 1194 1395 1747 1739 1412 1796 1831 1532 1282 1174 1518 1820 1856 1646 1063 1587 1588 1480 1638 1526 1165 1087 1694 1268 1981 1498 1424 1714 1022 1272 1757 1344 1840 1680 1042 1527 1527 1203 1233 1197 1914 1713 1012 1619 1786 1121 1750 1889 1290 1067 1774 1541 1208 1522 1216 1655 1414 1468 1795 1462 1978 1124 1049 1316 1581 1674 BCNSPRNW ULIB Ver.6.0+V

เปลี่ยนเป็นภาษาไทย

Change to English
 แสดงรายละเอียดบรรณานุกรม
  กลับหน้าหลัก

Brief Record : Get Marc (ISO 2709) : E-mail record : QR code < ปิดหน้าต่าง
LEADER : 00000nam 2200000uu 4500
001    13399128891
003     ULIB
008    241024s2022||||th 000 0 tha d
020    ^a9780323824507
060 04 ^aW21.5^bB854K
245 00 ^aKinn s Medical assisting Fundamentals Administrative and ClinicalCompetencies with Anatomy & Physiology. /^cBrigitte Niedzwiecki
250    ^a2rd ed
260    ^aSt. Louis, Missouri :^bELSEVIER,^c2022
300    ^axxx, 1279 p. :^bcol. ill. ;^c29 cm.
650  2 ^aMedical Assistants
700 0  ^aBrigitte Niedzwiecki
945    ^p4029^l0^i011138
999    ^aประนอม เกษจรัล
รายการนี้ยังไม่มีแท็ก
คุณยังไม่ได้ล็อกอิน คุณสามารถมีกิจกรรมร่วมกับเว็บไซต์ได้ แต่ต้องล็อกอินก่อน ::
  ล็อกอิน

รายการสื่อสารสนเทศ

ลำดับที่ ประเภท เลขเรียก/บาร์โค้ด สถานที่ สถานะ
1. Book การพยาบาล
หนังสือสำรอง
สถานะ=หนังสือสำรอง
W21.5 B854K ฉ.1 
  Barcode: 011138
ห้องสมุดวิทยาเขตสวรรค์ประชารักษ์
►หนังสือทั่วไป
บนชั้น

BibComment


ยังไม่เคยถูกคอมเมนท์

คอมเมนท์ทรัพยากรรายการนี้
  คอมเมนท์: Kinn s Medical a..


 Copyright 2026. Bcnsprnw @Library